Women Relationship and Rebellion/ (Record no. 205985)

MARC details
000 -LEADER
fixed length control field 00654nam a22002057a 4500
005 - DATE AND TIME OF LATEST TRANSACTION
control field 20241001125017.0
010 ## - LCCN (DPL NO)
LC control number ENG-141824
020 ## - INTERNATIONAL STANDARD BOOK NUMBER
International Standard Book Number 9788181523174
Terms of availability 657.00
035 ## - SYSTEM CONTROL NUMBER
System control number EN-125356
037 ## - SOURCE OF ACQUISITION
Source of stock number/acquisition DBAD
082 ## - DEWEY DECIMAL CLASSIFICATION NUMBER
Classification number 305.4
100 ## - MAIN ENTRY--PERSONAL NAME
Personal name Ghansham, G. A.
245 ## - TITLE STATEMENT
Title Women Relationship and Rebellion/
250 ## - EDITION STATEMENT
Edition statement 1
260 ## - PUBLICATION, DISTRIBUTION, ETC. (IMPRINT)
Place of publication, distribution, etc JAIPUR
Name of publisher, distributor, etc Book Enclave
Date of publication, distribution, etc 2013
270 ## - ADDRESS
Address F-11 , S.S. Tower, Dhamani Street , Chaura Rasta.
City JAIPUR
Postal code 302003
Electronic mail address bookenclave@yahoo.com
Telephone number 91-141-2311900
-- 91-9414443132
300 ## - PHYSICAL DESCRIPTION
Extent 174p
Dimensions 22cm(HB)
700 ## - ADDED ENTRY--PERSONAL NAME
Personal name G. A. Ghanshyam
Relator term Manishrai L. Mukat
9 (RLIN) 72138
942 ## - ADDED ENTRY ELEMENTS (KOHA)
Source of classification or shelving scheme Dewey Decimal Classification
Item type English Books
Classification part 305.4
Call number suffix GHA
Holdings
Withdrawn status Lost status Not for loan Collection code Home library Current library Date acquired Source of acquisition Cost, normal purchase price Full call number Barcode Copy number Cost, replacement price Koha item type
    Not For Loan Non-fiction D.B.Act.Division D.B.Act.Division 27/09/2024 DBAD 657.00 305.4 GHA EN-125356 1 657.00 English Books

© Delhi Public Library
Hit Counter
free hit counter